00982nam a22002657a 45000010005000000030006000050050017000110080041000280200018000690400031000870500014001180820010001321000017001422450076001592500028002352600047002633000049003104900023003595050008003825200232003905210020006225210020006426000025006627000029006873053FISKH20240201131852.0240201b cb ||||| |||| 00| 0 eng d a9781877363740 aFISKH beng cFISKHdFISKH aPZ7.H6893 a428.6 aHolden, Pam  aGreedy Gus the pirate /cby Holden, Pam : illustrated by Whimp, Pauline aFirst published in 2005 aWellington : bFlying Start Books , c2005 a16 pages : bcolor illustrations ;c21 cm .  aRed Rocket Readers aO  aThis story is about some bad pirates who were very greedy. They always wanted more money and more food. Some clever animals thought of a good way to teach them a lesson. What do you think the animals did to the greedy pirates? 8 a640 bLexile 8 aO bRaz-Plus  2pirate vnon-fiction aWhimp, Pameillustrator